000 00698nam a22002537a 4500
003 UA-OsUOA
001 22096
007 ta
008 20031216b un ||||| |||| 00| 0 ukr d
100 _aТемирбаев К.М.
700 _aУкраинцев В.В.
090 _a008(091)
_bТ32
942 _cBK
040 _aUA-OsUOA
_brus
_cUA-OsUOA
_dUA-OsUOA
245 _aОчерки истории советской культуры
_bПособие для учителей
300 _a383 с.
_bІлюстрації
955 _a0
041 _arus
080 _a008(091)
260 _aМосква
_bПросвещение
_c1980
044 _aRU
650 7 _2UDC
999 _c308309
_d308309